| 000 | 00701nam a22002055i 4500 | ||
|---|---|---|---|
| 001 | 169833 | ||
| 003 | ES-MaACL | ||
| 005 | 20250624062533.0 | ||
| 008 | 081204s1930 sp |||| | spa d | ||
| 080 | _a821.134.2-32"19" | ||
| 100 | 1 |
_aValle-Inclán, Ramón del, _d1866-1936 _9112796 |
|
| 245 | 1 | 0 |
_aVísperas de la gloriosa / _cpor Ramón del Valle-Inclán ; ilustraciones de José Caballero. |
| 260 |
_aMadrid : _bAtlántida, _c1930. |
||
| 300 |
_a63 p. : _bil. ; _c15 cm. |
||
| 490 | 1 |
_aLa novela de hoy ; _v418 |
|
| 700 | 1 |
_aCaballero, José, _d1915-1991 _933084 |
|
| 830 | 0 |
_aLa novela de hoy ; _v418 _9148102 |
|
| 852 |
_aES-MaACL _j2239-F-19 _9R.142957 |
||
| 999 |
_c169833 _d169833 |
||